000 00602nam a2200193 u 4500
001 000025268
005 20200930023654.0
008 110209s1970 ve r 000 | spa d
040 _aDO-SdBNP
_bspa
_cBNPHU
082 _axxx
_bB468c
100 1 _aBenko, François
_951775
245 1 3 _aLa ciencia de la sociedad global :
_bensayo sobre el diagnóstico macrosocial /
_cFrançois Benko; prólogo Alfred Sauvy.
260 _aCaracas :
_bMonte Avila,
_c1970.
300 _a128 p. ;
_c19 cm.
490 1 _aEstudios
700 1 _aSauvy , Alfred
_epról.
_951776
830 0 _aEstudios
_93854
049 _aBNGR
999 _c24761
_d24761